Way to Bright Future (Record no. 91182)

MARC details
000 -LEADER
fixed length control field 00495nam a2200205Ia 4500
008 - FIXED-LENGTH DATA ELEMENTS--GENERAL INFORMATION
fixed length control field 230125s9999 xx 000 0 und d
041 ## - LANGUAGE CODE
Language code of text/sound track or separate title eng
082 ## - DEWEY DECIMAL CLASSIFICATION NUMBER
Classification number 371.425
Item number PHI
100 ## - MAIN ENTRY--PERSONAL NAME
Personal name Phirke S
9 (RLIN) 113908
245 ## - TITLE STATEMENT
Title Way to Bright Future
250 ## - EDITION STATEMENT
Edition statement 1st Ed.
260 ## - PUBLICATION, DISTRIBUTION, ETC. (IMPRINT)
Date of publication, distribution, etc. 2007
Name of publisher, distributor, etc. Global Knowledge Mission
Place of publication, distribution, etc. Pune
300 ## - PHYSICAL DESCRIPTION
Extent 436p
440 ## - SERIES STATEMENT/ADDED ENTRY--TITLE
Volume/sequential designation II
500 ## - GENERAL NOTE
Keywords General;career guidance
650 ## - SUBJECT ADDED ENTRY--TOPICAL TERM
Topical term or geographic name as entry element General
700 ## - ADDED ENTRY--PERSONAL NAME
Personal name Phirke S
9 (RLIN) 113908
906 ## - LOCAL DATA ELEMENT F, LDF (RLIN)
b 75
Holdings
Withdrawn status Lost status Damaged status Not for loan Home library Current library Date acquired Vendor Cost, normal purchase price Bill number Full call number Barcode Date last seen Cost, replacement price Bill Date Koha item type Original Barcode
      Reference Smt. Hiraben Nanavati Institute of Management & Research for Women Smt. Hiraben Nanavati Institute of Management & Research for Women 10/08/2007 Global Knowledge mission 500.00 001/07 371.425 PHI B05837 HIMR-BK-5837 25/01/2023 425.00 09/08/2007 Books B05837